00442nam a2200109Ia 4500008004100000100002500041245011200066260003300178300001700211650001900228856008500247160712s9999 xx 000 0 und d aGutierrez, Filomin . cFilomin GutierrezaFilipino Sociologist and Mentor: Ricardo M. Zarco (February 11, 1930 - January 22, 2011) c2011bSocial Science Diliman avol. 7 no. 2 xSOCIAL SCIENCE uhttp://journals.upd.edu.ph/index.php/socialsciencediliman/issue/view/309/showToc